| 000 | 02019nam2a22002531 4500 | ||
|---|---|---|---|
| 001 | rc\469759 | ||
| 005 | 20250621165517.0 | ||
| 035 | _a(NLR Aleph) 005816733 | ||
| 090 |
_a5438172 _c5438172 |
||
| 100 | _a20030616d1988 |||y0rusy50 ca | ||
| 101 | 0 | _arus | |
| 102 | _aRU | ||
| 105 | _ay ||||||||| | ||
| 200 | 0 |
_a... на 1988 год. Ч. 1-2 _f[Сост.: А.А. Насекина, Г.В. Юрченкова _gОтв. ред.: Г.В. Юрченкова] |
|
| 210 |
_d1988 _aБ. м. |
||
| 215 | _a218 с. | ||
| 300 | _aЗагл. вып.: Указатель иностранных периодических изданий, выписанных ИНИОН АН СССР и его отделами в институтах секции общественных наук АН СССР... | ||
| 461 | 0 |
_1001rc\469757 _12001#$a[Указатель иностранных периодических изданий, выписанных ИНИОН АН СССР и его отделениями...$fОтд. комплектования науч. фондов, Сектор комплектования иностр. лит.]$v... на 1988 год. Ч. 1-2 _95438156 _aИнститут научной информации по общественным наукам (Москва) _cМ. _d1980- _fОтд. комплектования науч. фондов, Сектор комплектования иностр. лит.] _nИНИОН _t[Указатель иностранных периодических изданий, выписанных ИНИОН АН СССР и его отделениями... _v... на 1988 год. Ч. 1-2 |
|
| 517 | 0 | _aУказатель иностранных периодических изданий, выписанных ИНИОН АН СССР и его отделами в институтах секции общественных наук АН СССР на 1988 год | |
| 801 | 0 |
_aRU _bNLR _gpsbo |
|
| 801 | 1 |
_aRU _bELAR _2rusmarc |
|
| 852 |
_aNLR _bС _jК-4/31 |
||
| 942 | _cBOOK | ||
| 980 | _aNB | ||